| 000 | 00969nam a22002897a 4500 | ||
|---|---|---|---|
| 001 | 0012011 | ||
| 003 | KOHA_MİRAKIL | ||
| 005 | 20260207001837.0 | ||
| 007 | ta | ||
| 008 | 090729b2009 enk |||gr||||#0|||1|Eng | | ||
| 020 |
_a09781405852968 _qPack 9781405844659 _qBook with key 9781405844666 _qCD-ROM 9781405844666 _c29,43 |
||
| 040 |
_aTR-BiSEU _btur _cTR-BiSEU _erda |
||
| 041 | 0 | _aEng | |
| 044 | _cenk | ||
| 050 |
_aPE1128 _b.A53 2009 |
||
| 100 | 1 | _aAnderson, Vicki. | |
| 245 | 1 |
_aGrammar practice for pre-intermediate students : _bwith key/ _cVicki Anderson ; Vicki Anderson. |
|
| 264 | 1 |
_aPearson Longman : _bPearson Longman _c2009 |
|
| 300 | _a192 sayfa: resimli+1 CD-ROM | ||
| 336 |
_ametin _btxt _2rdacontent |
||
| 337 |
_aaracısız _bn _2rdamedia |
||
| 338 |
_acilt _bnc _2rdacarrier |
||
| 650 | 0 |
_aEnglish language--Grammar. _93478 |
|
| 650 | 0 |
_aEnglish language--Grammar--Study and teaching (Secondary). _929153 |
|
| 907 | _aDil | ||
| 942 |
_2lcc _cBK |
||
| 999 |
_c11980 _d11980 |
||